000
00307nam a22001337a 4500
008
190205b xxu||||| |||| 00| 0 eng d
020
_a
0137379579
041
_a
eng
080
_a
321
100
_a
19
101
_a
SHP
245
_a
An Introduction to Public Policy Analysis
_c
Dunnn W.N
942
_2
udc
_c
BK
999
_c
54028
_d
54028